Correctly Spelled Asian Capitals - Sudden Death - Statistics

General Stats
  • This quiz has been taken 36 times
    28 since last reset
  • The average score is 9 of 16
Answers on the Grid
Answers color-coded by a green-red scale on the quiz's grid according to % correct below.
Vientiane
Phnom Phen
Tokyo
Bejing
Nicosia
Riyad
Ulaanbaatar
Aman
Sana'a
Soul
Taipei
Naypidaw
Ankara
Islambad
Beirut
Damaskus
Thimphu
Daka
Abu Dhabi
Bangcok
Kuwait City
Astanna
Jerusalem
Peyongyang
Malé
New Deli
Doha
Kathmando
Ashgabat
Singapoor
Jakarta
Yeravan
 
Answer Stats
Answer % Correct
Doha
68%
Abu Dhabi
63%
Ankara
63%
Jakarta
63%
Jerusalem
63%
Tokyo
63%
Kuwait City
58%
Malé
58%
Nicosia
58%
Taipei
58%
Beirut
53%
Ulaanbaatar
53%
Thimphu
47%
Ashgabat
42%
Sana'a
42%
Vientiane
32%
No matching quizzes found
Score Distribution
Percent of People with Each Score
Percentile by Number Answered
Your Score History
You have not taken this quiz since the last reset